| 000 | 00777cam a22002413a 4500 | ||
|---|---|---|---|
| 001 | 19404 | ||
| 003 | PGUSA | ||
| 005 | 20140828083418.0 | ||
| 008 | 060928s2006||||xxu|||||s|||||000 | eng d | ||
| 040 |
_aPGUSA _beng |
||
| 042 | _adc | ||
| 050 | 4 | _aE456 | |
| 100 | 1 |
_aBowers, John Hugh, _d1875-1923 |
|
| 245 | 1 | 0 |
_aLife of Abraham Lincoln : _bLittle Blue Book Ten Cent Pocket Series No. 324 _h[electronic resource] / _cJohn Hugh Bowers |
| 260 |
_bProject Gutenberg, _c2006 |
||
| 506 | _aPublic domain in the USA. | ||
| 516 | _aElectronic text | ||
| 653 | _aLincoln, Abraham, 1809-1865 -- Juvenile literature | ||
| 700 | 1 |
_aHaldeman-Julius, E. _q(Emanuel), _d1888-1951 |
|
| 830 | 0 |
_aProject Gutenberg _v19404 |
|
| 856 | 4 | 0 | _uhttp://www.gutenberg.org/ebooks/19404 |
| 942 | _cEB | ||
| 999 |
_c248659 _d248659 |
||